| 000 | 01883nam a2200217 4500 | ||
|---|---|---|---|
| 005 | 20250521104325.0 | ||
| 008 | 250520b |||||||| |||| 00| 0 eng d | ||
| 020 | _a9781891389689 | ||
| 040 |
_aCSL _cCSL |
||
| 041 |
_2eng _aeng |
||
| 084 |
_aE9G,1:3B Q0 Carc _qCSL |
||
| 245 |
_aPhysical methods in bioinorganic chemistry: _bSpectroscopy and magnetism |
||
| 260 |
_aSausalito : _bUniversity Science Press, _c2010. |
||
| 300 |
_avii, 556p.: _bill col _c; 26 cm |
||
| 500 | _aIncludes selected problems and index | ||
| 520 | _aThis text provides detailed coverage of physical methods used in bioinorganic chemistry. Individual chapters are devoted to electronic absorption spectroscopy, resonance Raman spectroscopy, electron paramagnetic resonance spectroscopy, ENDOR and ESEEM, magnetic circular dichroism, Mössbauer spectroscopy, magnetism, NMR spectroscopy as applied to paramagnetic systems, and x-ray absorption spectroscopy. The book aims to provide a fundamental understanding of each method and demonstrate how data obtained from a system of bioinorganic interest can be interpreted. Case studies are presented in the last chapter in which more than one technique has been applied to gain insight into each given bioinorganic problem. By integrating theory with experimentation and providing an orientation that is more biological than that presented in previously published books, Physical Methods in Bioinorganic Chemistry: Spectroscopy and Magnetism will serve as an important new text for students of bioinorganic chemistry, biochemistry, molecular biology, and their professors. | ||
| 650 |
_2Chemistry _aBioinorganic chemistry _vspectroscopy _xPhysical biochemistry _9809008 |
||
| 650 | _2Metalloproteins research- methodology | ||
| 700 |
_aQue, Lawrence _eediter. _9809009 |
||
| 942 |
_2CC _n0 _cTEXL _hE9G,1:3B Q0 Carc |
||
| 999 |
_c1428859 _d1428859 |
||